Normal view MARC view

Entry Personal Name

Number of records used in: 2

001 - CONTROL NUMBER

  • control field: 1154885

003 - CONTROL NUMBER IDENTIFIER

  • control field: OSt

005 - DATE AND TIME OF LATEST TRANSACTION

  • control field: 20260324115508.0

008 - FIXED-LENGTH DATA ELEMENTS

  • fixed length control field: 260324|| aca||aabn | a|a d

040 ## - CATALOGING SOURCE

  • Original cataloging agency: OSt
  • Transcribing agency: OSt

100 ## - HEADING--PERSONAL NAME

  • Personal name: William J. Rea; Kalpana D. Patel

670 ## - SOURCE DATA FOUND

  • Source citation: Work cat.: (OSt)1745806: William J. Rea; Kalpana D. Patel, Reversibility of Chronic Disease and Hypersensitivity, Volume 5
Copyright @ Delhi University Library System